00380nam a2200145Ia 4500100002200000942000700022654001300029245003000042260002500072082001100097300000800108546001200116999001700128952008900145 aJhaveri/ Nainesh  cBK abusiness aBusiness data Processing bStudents book depot a4bJHA a274 aENGLISH c19148d19148 001040708CRCaCRCEbCRCEd2023-03-17l0o4 JHAp11045r2023-03-17w2023-03-17yBK